A petits pas vers l´art : (Registro nro. 13364)

Detalles MARC
000 -LIDER
fixed length control field 00507nam a22001817a 4500
003 - IDENTIFICACDOR DE NÚMERO DE CONTROL
control field DO-SdBNP
005 - DATE AND TIME OF LATEST TRANSACTION
control field 20180417093127.0
008 - ELEMENTOS DE LONGITUD FIJA
fixed length control field 180417b fr||||| |||| 00| 0 fra d
020 ## - ISBN
International Standard Book Number 2878811453
040 ## - FUENTE DE CATALOGACIÓN
Agencia que crea de manera original el registro BPMSU
Idioma de catalogación fra
Agencia que realiza la transcripción BPMSU
100 ## - ASIENTO PRINCIPAL -- NOMBRE PERSONAL
Nombre personal Percy, Helene
245 ## - MENCIÓN DE TITULO
Título A petits pas vers l´art :
Subtítulo animausc sauvages
Mención de responsabilidad Helene Percy
260 ## - PUBLICACIÓN, DISTRIBUCIÓN, ETC. (PIE DE IMPRENTA)
Lugar de publicación, distribución, etc [s.l]
Nombre del editor, distribuidor, etc. Les Livres Du Dragondor
Fecha de publicación, distribución, etc 1994
300 ## - DESCRIPCIÓN FÍSICA
Extensión 15 p.
Otros detalles físicos il.
Dimensiones 24. 5 cm
942 ## - ADDED ENTRY ELEMENTS (KOHA)
Source of classification or shelving scheme Dewey Decimal Classification
Koha item type Libros
945 ## - INFORMACIÓN DE PROCESAMIENTO LOCAL
Información de procesamiento local inventariado, 2018 / dg
956 ## - LOCAL ELECTRONIC LOCATION AND ACCESS (OCLC)
Nombre de host dgarcia
Número de acceso 10
Existencias
Withdrawn status Lost status Source of classification or shelving scheme Damaged status Not for loan Collection code Home library Current library Date acquired Source of acquisition Total Checkouts Barcode Date last seen Price effective from Koha item type
    Dewey Decimal Classification     Colección Infantil General Biblioteca Pública Metropolitana Salomé Ureña Biblioteca Pública Metropolitana Salomé Ureña 04/17/2018 Donado   BPMSU18040020 04/17/2018 04/17/2018 Libros